| 000 | 00407nam a22001217a 4500 | ||
|---|---|---|---|
| 082 | _a200 THE | ||
| 100 |
_aMuhammad Talha Jahangir _970357 |
||
| 245 | _aTH-SOF-1719-SDN-Based Inter-ISP Caching | ||
| 260 |
_aISLAMABAD _bNUST COLLEGE OF EME _c2019 |
||
| 650 |
_aMS-COMPUTER ENGINEERING-2017 MSTHESIS _969852 |
||
| 700 |
_aSupervisor Dr. Muhammad Umar Farooq Co-Supervisor: Dr. Ali Hassan _970358 |
||
| 942 | _cCF | ||
| 999 |
_c577346 _d577346 |
||